Online
Catalog

Alfonso XIII / (Record no. 41740)

MARC details
000 -CABECERA
campo de control de longitud fija 00727nam a2200217 a 4500
001 - NÚMERO DE CONTROL
campo de control 000042251
005 - FECHA Y HORA DE LA ÚLTIMA TRANSACCIÓN
campo de control 20201002040030.0
008 - DATOS DE LONGITUD FIJA--INFORMACIÓN GENERAL
campo de control de longitud fija 131120s1997 sp ac 001 0 spa d
020 ## - NÚMERO INTERNACIONAL ESTÁNDAR DEL LIBRO
Número Internacional Estándar del Libro 8408020242
040 ## - FUENTE DE LA CATALOGACIÓN
Centro catalogador/agencia de origen DO-SdBNP
Lengua de catalogación spa
Centro/agencia transcriptor BNPHU
100 1# - ENTRADA PRINCIPAL--NOMBRE DE PERSONA
Nombre de persona Teresa Puga, María
Forma completa/desarrollada del nombre (María Teresa)
9 (RLIN) 69277
245 10 - MENCIÓN DE TÍTULO
Título Alfonso XIII /
Mención de responsabilidad, etc. María Teresa Puga.
246 14 - FORMA VARIANTE DE TÍTULO
Título propio/Titulo breve La vida y la época de Alfonso XIII
260 ## - PUBLICACIÓN, DISTRIBUCIÓN, ETC.
Lugar de publicación, distribución, etc. Barcelona :
Nombre del editor, distribuidor, etc. Planeta,
Fecha de publicación, distribución, etc. 1997.
Nombre del editor, distribuidor, etc. il., retrs.
300 ## - DESCRIPCIÓN FÍSICA
Extensión 258 p. :
Otras características físicas 21 cm.
490 1# - MENCIÓN DE SERIE
Mención de serie Los reyes de España ;
Designación de volumen o secuencia 17
500 ## - NOTA GENERAL
Nota general Incluye índice
504 ## - NOTA DE BIBLIOGRAFÍA, ETC.
Nota de bibliografía, etc. Bibliografía : p. 257-259
504 ## - NOTA DE BIBLIOGRAFÍA, ETC.
Nota de bibliografía, etc. Incluye referencias bibliográficas y notas al pie de las páginas
830 #0 - PUNTO DE ACCESO ADICIONAL DE SERIE-TÍTULO UNIFORME
Título uniforme Los reyes de España
Designación de volumen o secuencia 17
9 (RLIN) 69276
Holdings
Estado de retiro Estado de pérdida Restricciones de uso No para préstamo Código de colección Localización permanente Ubicación/localización actual Ubicación en estantería Fecha de adquisición Número de inventario Total de préstamos Signatura topográfica completa Código de barras Fecha visto por última vez Precio válido a partir de Tipo de ítem Koha
      Excluido de préstamo Monografías: Libros y Folletos General General En catalogación 20.11.2013 LF1   42251-10 25.06.2020 25.06.2020 No se presta

Powered by Koha